|
|
|
|
| LEADER |
00000cas a2200000 a 4500 |
| 003 |
Ucuenca |
| 005 |
20230308225141.0 |
| 008 |
006113|2002 ec |||||r|||||||||||spa|| |
| 040 |
|
|
|b spa
|
| 041 |
1 |
|
|a spa
|
| 082 |
0 |
|
|a 330.5
|b C184c
|
| 110 |
1 |
|
|9 35884
|a Cámara de Comercio de Quito
|
| 245 |
|
0 |
|a Criterios. Revista de la Cámara de Comercio de Quito
|c Cámara de Comercio de Quito
|h imp
|
| 264 |
|
|
|a Quito
|b Cámara de Comercio de Quito
|c Junio 2002
|
| 300 |
|
|
|a 63 páginas:
|b ilu
|c 28 cm
|
| 362 |
|
|
|a Año 7, no. 46 (junio 2002)
|
| 520 |
3 |
|
|a "La producción y exportación de tilapia, sea como un mecanismo de salida al problema del camarón por la mancha blanca, o como alternativa de inversión permanente, se ha convertido en fuente de negocio y divisas para muchos empresarios ecuatorianos..."
|
| 650 |
1 |
|
|a Tilapia
|9 105943
|
| 650 |
|
0 |
|a Bambu
|9 111042
|
| 650 |
1 |
|
|a Revista criterios
|9 175766
|
| 852 |
|
|
|a UC-CDJBV
|
| 942 |
|
|
|c SER
|
| 999 |
|
|
|c 151590
|d 151590
|